Lun yu shi yi /

Saved in:
Bibliographic Details
Other Authors: Yan, Lingfeng, 1904- (comp.)
Format: Book
Language:Chinese
Published: Taibei, [Min guo 55 i.e. 1966]
Series:Wu qiu bei zhai Lun yu ji cheng ; 83.
Subjects:
Tags: Add Tag
No Tags, Be the first to tag this record!
LEADER 01376cam a2200325ui 4500
001 007724406-0
005 20024617111505.0
008 960726r1966uuuuch 000 0 chi d
035 0 |a ocm35149190 
040 |a PPiU  |c PPiU  |d *YNH*  |d CStRLIN 
245 0 0 |6 880-01  |a Lun yu shi yi /  |c Yan Lingfeng bian ji. 
260 |6 880-02  |a Taibei,  |c [Min guo 55 i.e. 1966] 
300 |a 2 v. (double leaves) in case. 
490 1 |6 880-03  |a Wu qiu bei zhai Lun yu ji cheng ;  |v 83 
500 |6 880-04  |a (In Yan Lingfeng bian ji Wu qiu bei zhai Lun yu ji cheng v. 230-231) 
500 |6 880-05  |a Facsimile reproduction of Zhu bai shan fang cong shu ben, Si shu shi yi zhi Lun yu bu fen. 
600 0 0 |6 880-06  |a Confucius.  |t Lun yu. 
650 0 |a Chinese classics. 
700 1 |6 880-07  |a Yan, Lingfeng,  |d 1904-  |e comp. 
880 0 0 |6 245-01  |a 論語拾遺 /  |c 嚴靈峯編輯. 
880 |6 260-02  |a 台北,  |c [民國55 i.e. 1966] 
880 1 |6 490-03  |a 無求備齋論語集成 ;  |v 83 
880 |6 500-04  |a (In 嚴靈峯編輯 無求備齋論語集成 v. 230-231) 
880 |6 500-05  |a Facsimile reproduction of 竹柏山房叢書本, 四書拾遺之論語部份. 
880 0 0 |6 600-06  |a Confucius.  |t 論語. 
880 1 |6 700-07  |a 嚴靈峯,  |d 1904-  |e comp. 
830 0 |6 880-53  |a Wu qiu bei zhai Lun yu ji cheng ;  |v 83. 
880 0 |6 830-53  |a 無求備齋論語集成 ;  |v 83. 
988 |a 20021109 
906 |0 OCLC